| 000 | 01064 a2200217 4500 | ||
|---|---|---|---|
| 005 | 20080904142049.0 | ||
| 008 | 080904t xxu||||| |||| 00| 0 hin d | ||
| 010 | _aHIN-79034 | ||
| 020 |
_a8190240315 _c100.00 |
||
| 035 | _aHN-51381 | ||
| 037 | _bD.B.Act / pub | ||
| 082 | _a363.7 | ||
| 100 | _aजैन, नरेन्द्र | ||
| 245 |
_aक्या हम पृथ्वी पर सुरक्षित हैं _cनरेन्द्र जैन |
||
| 246 |
_aKay Hum Prathvi Par Surakshit Hain _bby Narendra Jain |
||
| 260 |
_aजयपुर _bरूद्राक्ष ट्रेडलिंक _c2004 |
||
| 270 |
_aआर-15ए, युधिष्ठिर मार्ग,सी-स्कीम _e302017 |
||
| 300 |
_a88पृ _c22 सेमी (सजिल्द) |
||
| 942 |
_adpl _cHN _k363.7 / जैनन _2ddc _h363.7 _mजैनन |
||
| 999 |
_c1148 _d1148 |
||